[Event "Baltic Sea Cup"]
[Site "Ronne"]
[Date "2007.07.30"]
[Round "1.38"]
[White "Kasparova, Tatiana"]
[Black "Hansen, Anders"]
[Result "1-0"]
[WhiteElo "2217"]
[BlackElo "1795"]
[PlyCount "91"]
[EventDate "2007.??.??"]
[EventType "swiss"]
[EventRounds "9"]
[EventCountry "DEN"]
[SourceDate "2005.12.01"]
[WhiteTeam "Denmark"]
[BlackTeam "Denmark"]
[WhiteTeamCountry "DEN"]
[BlackTeamCountry "DEN"]

1. e4 c5 2. Nf3 Nc6 3. Bb5 Qc7 4. O-O e6 5. Re1 Nf6 6. Nc3 Ng4 7. Bxc6 bxc6 8.
d4 cxd4 9. Qxd4 c5 10. Qd1 Bb7 11. h3 h5 12. Bg5 Bd6 13. hxg4 hxg4 14. Nb5 Bh2+
15. Nxh2 Qxh2+ 16. Kf1 Ba6 17. c4 Bxb5 18. cxb5 Qh1+ 19. Ke2 Qxg2 20. Qd6 Qxe4+
21. Kd2 Qb4+ 22. Kc2 Qc4+ 23. Kd1 f6 24. Be3 Rh5 25. Bd2 Rd8 26. Qa6 Qd5 27.
Qxa7 Ra8 28. Qc7 Rxa2 29. Rxa2 Qxa2 30. Qc8+ Ke7 31. b6 Qb3+ 32. Kc1 Qxb6 33.
Qg8 Rf5 34. Qxg7+ Kd6 35. Qxg4 Rxf2 36. Qg3+ Ke7 37. Qxf2 e5 38. Be3 Ke6 39.
Rf1 Kf7 40. Bxc5 Qc6 41. Rd1 d5 42. b4 d4 43. Qa2+ Ke8 44. Rg1 d3 45. Rg8+ Kd7
46. Qf7# 1-0

[Event "Baltic Sea Cup"]
[Site "Ronne"]
[Date "2007.07.30"]
[Round "1.39"]
[White "Nielsen, Rasmus Lundberg"]
[Black "Willumsen, Niels Henrik"]
[Result "1-0"]
[WhiteElo "1795"]
[BlackElo "2215"]
[PlyCount "77"]
[EventDate "2007.??.??"]
[EventType "swiss"]
[EventRounds "9"]
[EventCountry "DEN"]
[SourceDate "2005.12.01"]
[WhiteTeam "Denmark"]
[BlackTeam "Denmark"]
[WhiteTeamCountry "DEN"]
[BlackTeamCountry "DEN"]

1. d4 Nf6 2. c4 g6 3. g3 Bg7 4. Bg2 O-O 5. Nf3 d6 6. O-O Nbd7 7. Nc3 e5 8. h3
c6 9. e4 Qb6 10. c5 dxc5 11. dxe5 Ne8 12. e6 fxe6 13. Kh2 Qa6 14. Be3 b5 15.
Ng5 b4 16. Na4 Nc7 17. Nxc5 Nxc5 18. Bxc5 Re8 19. Qf3 Qa5 20. Qf7+ Kh8 21. Be7
Ba6 22. Bf6 Rg8 23. Rfd1 Ne8 24. e5 Nxf6 25. Qxe6 Rgf8 26. exf6 Qxg5 27. fxg7+
Kxg7 28. Qxc6 Be2 29. Rd7+ Kh8 30. Qc7 Qh5 31. Rd5 Rac8 32. Qxa7 Qh6 33. Rd7
Bc4 34. Re1 g5 35. Ree7 Bg8 36. Be4 Qf6 37. Rxh7+ Bxh7 38. Rxh7+ Kg8 39. Bd5+
1-0

[Event "Baltic Sea Cup"]
[Site "Ronne"]
[Date "2007.07.30"]
[Round "1.45"]
[White "Kraft, Rene"]
[Black "Salama, Omar"]
[Result "1/2-1/2"]
[WhiteElo "1678"]
[BlackElo "2173"]
[PlyCount "116"]
[EventDate "2007.??.??"]
[EventType "swiss"]
[EventRounds "9"]
[EventCountry "DEN"]
[SourceDate "2005.12.01"]
[WhiteTeam "Denmark"]
[BlackTeam "Denmark"]
[WhiteTeamCountry "DEN"]
[BlackTeamCountry "DEN"]

1. c4 Nf6 2. d4 g6 3. Nf3 Bg7 4. Nc3 d5 5. e3 O-O 6. Bd2 c6 7. Rc1 a6 8. b4 Bg4
9. c5 Nbd7 10. a4 e5 11. Be2 Bxf3 12. Bxf3 exd4 13. exd4 Ne4 14. Be3 f5 15.
Bxe4 fxe4 16. O-O Qh4 17. h3 Rf5 18. Ne2 Raf8 19. Ng3 R5f7 20. Qd2 h6 21. Qe2
Rf3 22. b5 axb5 23. axb5 Kh7 24. bxc6 bxc6 25. Kh2 R3f6 26. Rb1 R8f7 27. Rb7
Nf8 28. Rfb1 Ne6 29. Qa6 Nd8 30. Rxf7 Rxf7 31. Qc8 Qe7 32. Rb6 Qc7 33. Qxc7
Rxc7 34. Ne2 Ne6 35. Rb4 h5 36. g4 hxg4 37. hxg4 Kg8 38. Nf4 Kf7 39. Kg3 Bf6
40. f3 Ng5 41. fxe4 Nxe4+ 42. Kf3 Bg5 43. Nd3 Ke6 44. Rb6 Rf7+ 45. Ke2 Ng3+ 46.
Kd2 Nf1+ 47. Ke2 Ng3+ 48. Kd2 Nf1+ 49. Ke2 Bxe3 50. Rxc6+ Ke7 51. Rc7+ Kf8 52.
Rxf7+ Kxf7 53. Ne5+ Ke6 54. Kxf1 Bxd4 55. Nxg6 Bxc5 56. Nf4+ Ke5 57. Nd3+ Ke4
58. Nxc5+ Kf4 1/2-1/2

[Event "Baltic Sea Cup"]
[Site "Ronne"]
[Date "2007.07.30"]
[Round "1.46"]
[White "Petersen, Steen Brustrup"]
[Black "Skogli, Pal"]
[Result "1-0"]
[WhiteElo "2165"]
[BlackElo "1634"]
[PlyCount "71"]
[EventDate "2007.??.??"]
[EventType "swiss"]
[EventRounds "9"]
[EventCountry "DEN"]
[SourceDate "2005.12.01"]
[WhiteTeam "Denmark"]
[BlackTeam "Denmark"]
[WhiteTeamCountry "DEN"]
[BlackTeamCountry "DEN"]

1. e4 c5 2. Nf3 g6 3. d4 cxd4 4. Nxd4 Nc6 5. c4 Nf6 6. Nc3 d6 7. Be2 Bg7 8. Be3
O-O 9. O-O Nxd4 10. Bxd4 b6 11. f4 Bb7 12. Bf3 Qc7 13. b3 a6 14. Rc1 Rfc8 15.
Qd2 Bc6 16. e5 Nd7 17. Nd5 Bxd5 18. Bxd5 Rab8 19. Bxf7+ Kxf7 20. e6+ Kg8 21.
exd7 Qxd7 22. Bxg7 Kxg7 23. Qd4+ Kg8 24. Rce1 e6 25. Rd1 Rc6 26. Rfe1 Kf7 27.
Re3 Rf8 28. h3 Rd8 29. f5 gxf5 30. Qh4 Rh8 31. Qh5+ Kf6 32. Qh6+ Kf7 33. Rg3
Ke8 34. Rg7 Qc8 35. Qf6 Rc7 36. Rxc7 1-0

[Event "Baltic Sea Cup"]
[Site "Ronne"]
[Date "2007.07.30"]
[Round "1.48"]
[White "Christiansen, Jens Jorgen"]
[Black "Dinesen, Erland"]
[Result "1-0"]
[WhiteElo "2159"]
[BlackElo "1586"]
[PlyCount "85"]
[EventDate "2007.??.??"]
[EventType "swiss"]
[EventRounds "9"]
[EventCountry "DEN"]
[SourceDate "2005.12.01"]
[WhiteTeam "Denmark"]
[BlackTeam "Denmark"]
[WhiteTeamCountry "DEN"]
[BlackTeamCountry "DEN"]

1. d4 Nf6 2. c4 g6 3. Nc3 Bg7 4. e4 d6 5. Bd3 Nc6 6. Nge2 e5 7. d5 Ne7 8. O-O
O-O 9. f3 Nd7 10. Rb1 Nc5 11. Bc2 a5 12. a3 f5 13. b4 axb4 14. axb4 Nd7 15.
exf5 Nxf5 16. Ne4 Nf6 17. c5 Ne7 18. Bg5 Nxe4 19. fxe4 h6 20. Be3 Bg4 21. h3
Bd7 22. Rxf8+ Qxf8 23. Ra1 Bb5 24. Nc3 Bd7 25. b5 Rxa1 26. Qxa1 Qb8 27. Kh2 g5
28. Qa2 Be8 29. Bd1 Bf7 30. Qa3 Ng6 31. g3 Bf6 32. Bh5 Kg7 33. Bg4 Nf8 34. cxd6
cxd6 35. b6 h5 36. Qa7 Qd8 37. Bf5 Nd7 38. Qxb7 Nc5 39. Bxc5 dxc5 40. Be6 Be7
41. Bxf7 Kxf7 42. d6 Qxd6 43. Nd5 1-0

[Event "Baltic Sea Cup"]
[Site "Ronne"]
[Date "2007.07.30"]
[Round "1.49"]
[White "Valle, Lorenzo"]
[Black "Holm, Ragnar"]
[Result "0-1"]
[WhiteElo "1541"]
[BlackElo "2153"]
[PlyCount "90"]
[EventDate "2007.??.??"]
[EventType "swiss"]
[EventRounds "9"]
[EventCountry "DEN"]
[SourceDate "2005.12.01"]
[WhiteTeam "Denmark"]
[BlackTeam "Denmark"]
[WhiteTeamCountry "DEN"]
[BlackTeamCountry "DEN"]

1. e4 c5 2. Nf3 d6 3. Bb5+ Bd7 4. Bxd7+ Qxd7 5. O-O Nc6 6. c3 g6 7. d4 Nf6 8.
d5 Ne5 9. Nxe5 dxe5 10. Qe2 Bg7 11. Na3 O-O 12. Rd1 Ne8 13. Qb5 Qxb5 14. Nxb5
a6 15. d6 exd6 16. Nxd6 Rd8 17. Bg5 Nxd6 18. Be7 Rd7 19. Bxf8 Kxf8 20. Rd5 Ke7
21. Rad1 b6 22. f4 f6 23. fxe5 fxe5 24. Kf1 Rd8 25. Ke2 Nb7 26. c4 Rxd5 27.
cxd5 Nd6 28. Kf3 Bh6 29. b3 Nb5 30. Rd3 Bf4 31. g3 Bh6 32. Kg4 Nd4 33. h4 b5
34. h5 Kd6 35. Kh4 a5 36. g4 Bf4 37. g5 Ne2 38. hxg6 hxg6 39. Kg4 c4 40. bxc4
bxc4 41. Rh3 c3 42. Rh6 c2 43. Rxg6+ Ke7 44. Rc6 c1=Q 45. Rxc1 Nxc1 0-1

[Event "Baltic Sea Cup"]
[Site "Ronne"]
[Date "2007.07.30"]
[Round "1.52"]
[White "Jacobsen, Mads Holger"]
[Black "Hirneise, Jens"]
[Result "0-1"]
[WhiteElo "1480"]
[BlackElo "2090"]
[PlyCount "94"]
[EventDate "2007.??.??"]
[EventType "swiss"]
[EventRounds "9"]
[EventCountry "DEN"]
[SourceDate "2005.12.01"]
[WhiteTeam "Denmark"]
[BlackTeam "Denmark"]
[WhiteTeamCountry "DEN"]
[BlackTeamCountry "DEN"]

1. d4 Nf6 2. c4 g6 3. Nc3 Bg7 4. e4 d6 5. f4 O-O 6. Nf3 c5 7. d5 b5 8. e5 dxe5
9. fxe5 Ng4 10. Nxb5 Nxe5 11. Nxe5 Bxe5 12. Qf3 Bb7 13. Bf4 Qa5+ 14. Bd2 Qb6
15. Bc3 Nd7 16. a4 e6 17. a5 Qd8 18. a6 Bxc3+ 19. Nxc3 Bc8 20. dxe6 Nb6 21. Na4
Bxe6 22. Nxb6 Qxb6 23. Be2 Qxb2 24. O-O Qd4+ 25. Qf2 Rfd8 26. Qxd4 Rxd4 27.
Rfd1 Rad8 28. Rxd4 Rxd4 29. Ra4 Kf8 30. Kf2 Ke7 31. g3 Kd6 32. Ke3 Kc6 33. Bd3
Kb6 34. Ra1 Bxc4 35. Bxc4 Rxc4 36. Rd1 Rd4 37. Rxd4 cxd4+ 38. Kxd4 Kxa6 39. Ke5
f5 40. Kf6 Kb6 41. Kg7 g5 42. Kxh7 f4 43. Kg6 f3 44. Kxg5 f2 45. h4 f1=Q 46. h5
Qh3 47. g4 a5 0-1

[Event "Baltic Sea Cup"]
[Site "Ronne"]
[Date "2007.07.30"]
[Round "1.35"]
[White "Trarup, Jorgen"]
[Black "Aabling Thomsen, Jakob"]
[Result "0-1"]
[WhiteElo "1863"]
[BlackElo "2242"]
[PlyCount "116"]
[EventDate "2007.??.??"]
[EventType "swiss"]
[EventRounds "9"]
[EventCountry "DEN"]
[SourceDate "2005.12.01"]
[WhiteTeam "Denmark"]
[BlackTeam "Denmark"]
[WhiteTeamCountry "DEN"]
[BlackTeamCountry "DEN"]

1. e4 g6 2. Nf3 Bg7 3. Nc3 d6 4. Bc4 Nf6 5. O-O O-O 6. Re1 c5 7. Nd5 Nc6 8.
Nxf6+ Bxf6 9. c3 a6 10. h3 b5 11. Bd5 Bb7 12. d4 cxd4 13. Nxd4 Qc7 14. Bxc6
Bxc6 15. Nxc6 Qxc6 16. Qd5 Qc7 17. Be3 Rac8 18. a3 Rfd8 19. Qd3 e6 20. Bd4 Be7
21. Qd2 Qb7 22. Be3 Rc4 23. f3 f6 24. Rad1 Kf7 25. Qf2 d5 26. exd5 Rxd5 27.
Rxd5 Qxd5 28. Qe2 Rc6 29. Bd4 e5 30. f4 Bc5 31. fxe5 Bxd4+ 32. cxd4 Qxd4+ 33.
Kh1 Re6 34. Qf3 Rxe5 35. Qb7+ Kg8 36. Rc1 Re8 37. Rc8 Qd1+ 38. Kh2 Qd6+ 39. Kh1
Rxc8 40. Qxc8+ Kg7 41. b4 g5 42. Qb7+ Kh6 43. Qc8 Kg6 44. Qc2+ f5 45. Qc8 Qf6
46. Kh2 h5 47. Qe8+ Kh6 48. Qc8 g4 49. Qc1+ Kg6 50. hxg4 hxg4 51. g3 Qh8+ 52.
Kg1 Qd4+ 53. Kg2 Qe4+ 54. Kg1 f4 55. gxf4 g3 56. Qc7 Kf5 57. Qf7+ Kg4 58. Qg7+
Kxf4 0-1

[Event "Baltic Sea Cup"]
[Site "Ronne"]
[Date "2007.07.30"]
[Round "1"]
[White "Hindenes, Andreas Kvinge"]
[Black "Lardot, Derik"]
[Result "1-0"]
[WhiteElo "1664"]
[BlackElo "2034"]
[PlyCount "71"]
[EventDate "2007.??.??"]
[EventType "swiss"]
[EventRounds "9"]
[EventCountry "DEN"]
[SourceDate "2005.12.01"]
[WhiteTeam "Denmark"]
[BlackTeam "Denmark"]
[WhiteTeamCountry "DEN"]
[BlackTeamCountry "DEN"]

1. d4 d5 2. c4 Nc6 3. Nf3 Bg4 4. cxd5 Bxf3 5. dxc6 Bxc6 6. Nc3 Nf6 7. f3 e6 8.
e4 Be7 9. Bc4 O-O 10. O-O b6 11. Be3 Bb7 12. Qb3 Rc8 13. Rfd1 c6 14. a4 Qe8 15.
Rd2 Kh8 16. Rad1 Nd7 17. e5 c5 18. Bb5 Bc6 19. Bxc6 Rxc6 20. d5 Rc8 21. f4 c4
22. Qb5 Bc5 23. Bxc5 Rxc5 24. dxe6 fxe6 25. Qxd7 Qg6 26. Qd8 Kg8 27. Qxf8+ Kxf8
28. Rd8+ Qe8 29. Rxe8+ Kxe8 30. Rd4 a6 31. Ne4 Rd5 32. Rxc4 Ke7 33. Kf2 b5 34.
axb5 axb5 35. Rb4 Kd7 36. Ke2 1-0

[Event "Baltic Sea Cup"]
[Site "Ronne"]
[Date "2007.07.30"]
[Round "1.7"]
[White "Schiendorfer, Florian"]
[Black "Rozentalis, Eduardas"]
[Result "0-1"]
[WhiteElo "2059"]
[BlackElo "2551"]
[PlyCount "118"]
[EventDate "2007.??.??"]
[EventType "swiss"]
[EventRounds "9"]
[EventCountry "DEN"]
[SourceDate "2005.12.01"]
[WhiteTeam "Denmark"]
[BlackTeam "Denmark"]
[WhiteTeamCountry "DEN"]
[BlackTeamCountry "DEN"]

1. d4 Nf6 2. Bf4 d6 3. Nf3 Bg4 4. Nbd2 Nbd7 5. h3 Bh5 6. c3 c6 7. Qb3 Qc7 8.
Bh2 e6 9. e3 Be7 10. Bd3 Bg6 11. c4 Qb6 12. Bxg6 hxg6 13. O-O c5 14. Qd3 Rh5
15. e4 cxd4 16. Qxd4 Qxd4 17. Nxd4 a6 18. Rad1 O-O-O 19. Rfe1 g5 20. f3 Ne5 21.
Bxe5 dxe5 22. N4b3 Nd7 23. Kf1 Rhh8 24. Ke2 Nf8 25. Nc1 Ng6 26. Nd3 Rd4 27. Nf1
Rhd8 28. g3 Rxc4 29. Rc1 Rxc1 30. Rxc1+ Kb8 31. Ne3 f6 32. Rc3 Rh8 33. Nf2 Bb4
34. Rd3 Ne7 35. a3 Bc5 36. b4 Bd4 37. Rd2 Nc6 38. Rd3 Kc7 39. Kf1 b5 40. Kg2
Kb6 41. Nc2 Rc8 42. Nd1 a5 43. f4 axb4 44. fxg5 fxg5 45. Nxb4 Nxb4 46. axb4 g4
47. hxg4 Rc1 48. g5 Rb1 49. g6 Rxb4 50. Rf3 Rc4 51. Rf7 Rc7 52. Kf3 b4 53. Ke2
b3 54. Rf1 b2 55. Nxb2 Bxb2 56. Rb1 Rc2+ 57. Kd3 Rg2 58. Kc4 Kc6 59. Kb3 Bd4
0-1

[Event "Baltic Sea Cup"]
[Site "Ronne"]
[Date "2007.07.31"]
[Round "2.1"]
[White "Khenkin, Igor"]
[Black "Baekgaard, Martin"]
[Result "1-0"]
[WhiteElo "2602"]
[BlackElo "2272"]
[PlyCount "99"]
[EventDate "2007.??.??"]
[EventType "swiss"]
[EventRounds "9"]
[EventCountry "DEN"]
[SourceDate "2005.12.01"]
[WhiteTeam "Denmark"]
[BlackTeam "Denmark"]
[WhiteTeamCountry "DEN"]
[BlackTeamCountry "DEN"]

1. d4 d5 2. c4 c6 3. Nf3 Nf6 4. Qb3 e6 5. Bg5 Be7 6. e3 O-O 7. Nc3 b6 8. Bd3
Bb7 9. O-O Nbd7 10. Rad1 c5 11. Bxf6 Nxf6 12. dxc5 Bxc5 13. cxd5 exd5 14. Qa4
Qc8 15. Qh4 Rd8 16. Nd4 h6 17. Nf5 Qe6 18. Qg3 Ne8 19. Ne2 Bf8 20. Nf4 Qf6 21.
h4 Kh8 22. Nd4 Bd6 23. Qg4 Bc8 24. Bf5 Bxf5 25. Qxf5 Qxf5 26. Nxf5 Bxf4 27.
exf4 Nf6 28. Rfe1 Rd7 29. f3 Rc8 30. Nd4 h5 31. Kf2 Kg8 32. Rd2 Kf8 33. g3 Rc5
34. Re3 Rc1 35. Ra3 Rc5 36. b4 Rc4 37. b5 Rdc7 38. Nc6 Rc5 39. Nxa7 Ne8 40. Ra6
Nd6 41. a4 Rc2 42. Rxc2 Rxc2+ 43. Ke1 Nc4 44. Nc8 Ra2 45. Ra8 Ne3 46. Nxb6+ Ke7
47. Ra7+ Ke6 48. Nd7 d4 49. b6 Ke7 50. Nc5+ 1-0

[Event "Baltic Sea Cup"]
[Site "Ronne"]
[Date "2007.07.31"]
[Round "2.2"]
[White "Ostergaard, Jens"]
[Black "Malakhatko, Vadim"]
[Result "0-1"]
[WhiteElo "2256"]
[BlackElo "2596"]
[PlyCount "94"]
[EventDate "2007.??.??"]
[EventType "swiss"]
[EventRounds "9"]
[EventCountry "DEN"]
[SourceDate "2005.12.01"]
[WhiteTeam "Denmark"]
[BlackTeam "Denmark"]
[WhiteTeamCountry "DEN"]
[BlackTeamCountry "DEN"]

1. d4 Nf6 2. Nf3 e6 3. c4 d5 4. Bg5 h6 5. Bxf6 Qxf6 6. Nc3 c6 7. e3 Nd7 8. Bd3
g6 9. O-O Bg7 10. e4 dxc4 11. e5 Qe7 12. Bxc4 O-O 13. Ne4 Rd8 14. Qe2 c5 15.
dxc5 Nxc5 16. Rfd1 Bd7 17. Nd6 Bc6 18. Nd4 Be8 19. f4 a6 20. Qe3 Na4 21. Rab1
Nb6 22. N4f5 gxf5 23. Qxb6 Bc6 24. Rd2 Kh7 25. Qe3 Rd7 26. Rbd1 Rad8 27. Qc5 f6
28. Qe3 fxe5 29. fxe5 Rf8 30. Rf2 Rdd8 31. Re1 Rg8 32. Qb3 Bxe5 33. Rxe5 Qxd6
34. Rxe6 Qd1+ 35. Qxd1 Rxd1+ 36. Bf1 Be4 37. h3 Rg7 38. Rf6 h5 39. Rb6 h4 40.
Rf6 Rc7 41. Rf4 Rc2 42. Kh2 Kg7 43. R6xf5 Bxf5 44. Rxf5 Rxb2 45. a4 Rbb1 46.
Kg1 b5 47. axb5 axb5 0-1

[Event "Baltic Sea Cup"]
[Site "Ronne"]
[Date "2007.07.31"]
[Round "2.3"]
[White "Stripunsky, Alexander"]
[Black "Jorgensen, Jorgen"]
[Result "1-0"]
[WhiteElo "2589"]
[BlackElo "2250"]
[PlyCount "113"]
[EventDate "2007.??.??"]
[EventType "swiss"]
[EventRounds "9"]
[EventCountry "DEN"]
[SourceDate "2005.12.01"]
[WhiteTeam "Denmark"]
[BlackTeam "Denmark"]
[WhiteTeamCountry "DEN"]
[BlackTeamCountry "DEN"]

1. d4 f5 2. Nc3 Nf6 3. Bg5 d5 4. Bxf6 exf6 5. e3 Be6 6. Qf3 c6 7. Bd3 g6 8.
Nge2 Bd6 9. h3 Nd7 10. g4 fxg4 11. hxg4 Nf8 12. e4 Be7 13. exd5 Bxd5 14. Be4
Bxe4 15. Qxe4 Qc7 16. O-O-O O-O-O 17. d5 Bc5 18. dxc6 Qxc6 19. Rxd8+ Kxd8 20.
Rd1+ Nd7 21. Qf4 Kc8 22. Nd4 Qd6 23. Qxd6 Bxd6 24. Ne6 Bb8 25. f4 f5 26. Nd5
Re8 27. gxf5 gxf5 28. Ng7 Re4 29. Nxf5 Bxf4+ 30. Kb1 b6 31. a3 Nc5 32. Rh1 h6
33. Nxh6 Bxh6 34. Rxh6 Re1+ 35. Ka2 Re2 36. Rh8+ Kd7 37. Rh7+ Kd6 38. Nc3 Rxc2
39. Nb5+ Ke5 40. Rh5+ Kf6 41. Nxa7 Nd7 42. Rh6+ Ke5 43. Nc6+ Ke4 44. Rh4+ Ke3
45. Nd4 Rf2 46. Nb5 Rg2 47. Nc3 Kd3 48. Nd5 Rg5 49. Nb4+ Ke3 50. Nc2+ Kd2 51.
Rd4+ Kxc2 52. Rxd7 Rc5 53. Rd4 Rc6 54. a4 Rc7 55. Ka3 Rc8 56. Rd6 Rc5 57. Rd5
1-0

[Event "Baltic Sea Cup"]
[Site "Ronne"]
[Date "2007.07.31"]
[Round "2.4"]
[White "Aabling Thomsen, Jakob"]
[Black "Hansen, Sune Berg"]
[Result "1-0"]
[WhiteElo "2242"]
[BlackElo "2574"]
[PlyCount "85"]
[EventDate "2007.??.??"]
[EventType "swiss"]
[EventRounds "9"]
[EventCountry "DEN"]
[SourceDate "2005.12.01"]
[WhiteTeam "Denmark"]
[BlackTeam "Denmark"]
[WhiteTeamCountry "DEN"]
[BlackTeamCountry "DEN"]

1. e4 c5 2. Nf3 e6 3. d4 cxd4 4. Nxd4 a6 5. Bd3 g6 6. Nc3 Bg7 7. Be3 Ne7 8. Qd2
d5 9. Nf3 O-O 10. Bh6 Nbc6 11. Bxg7 Kxg7 12. e5 f6 13. h4 fxe5 14. h5 Ng8 15.
hxg6 h6 16. O-O-O e4 17. Rh5 Qf6 18. Ne2 exd3 19. cxd3 e5 20. Rdh1 Bf5 21. Rxh6
Bxg6 22. R6h3 Rac8 23. Kb1 Kf7 24. Nh4 Ke8 25. Rf3 Qe6 26. Rg3 Bf7 27. d4 Nf6
28. Re3 Ne4 29. Qe1 Bg6 30. Ka1 Nxd4 31. Nxd4 exd4 32. Rd3 Rxf2 33. Nxg6 Qxg6
34. Rxd4 Qf6 35. Rxe4+ dxe4 36. Qxe4+ Kf8 37. Qb4+ Kf7 38. Qxb7+ Kg6 39. Qh7+
Kg5 40. Qh4+ Kg6 41. Qg4+ Qg5 42. Qxc8 Qxg2 43. Qxa6+ 1-0

[Event "Baltic Sea Cup"]
[Site "Ronne"]
[Date "2007.07.31"]
[Round "2.5"]
[White "Savchenko, Boris"]
[Black "Coleman, Teddy"]
[Result "1-0"]
[WhiteElo "2577"]
[BlackElo "2239"]
[PlyCount "33"]
[EventDate "2007.??.??"]
[EventType "swiss"]
[EventRounds "9"]
[EventCountry "DEN"]
[SourceDate "2005.12.01"]
[WhiteTeam "Denmark"]
[BlackTeam "Denmark"]
[WhiteTeamCountry "DEN"]
[BlackTeamCountry "DEN"]

1. f4 d5 2. Nf3 Nc6 3. e3 Bg4 4. Bb5 Qd7 5. d3 a6 6. Ba4 g6 7. Nbd2 Bg7 8. O-O
O-O-O 9. Qe1 Qd6 10. d4 f6 11. c4 e5 12. cxd5 Nb4 13. Nc4 Qf8 14. d6 Nd5 15.
fxe5 Nh6 16. e4 Nb6 17. Qa5 1-0

[Event "Baltic Sea Cup"]
[Site "Ronne"]
[Date "2007.07.31"]
[Round "2.6"]
[White "Hartvig, Ove Weiss"]
[Black "Hillarp Persson, Tiger"]
[Result "0-1"]
[WhiteElo "2232"]
[BlackElo "2568"]
[PlyCount "48"]
[EventDate "2007.??.??"]
[EventType "swiss"]
[EventRounds "9"]
[EventCountry "DEN"]
[SourceDate "2005.12.01"]
[WhiteTeam "Denmark"]
[BlackTeam "Denmark"]
[WhiteTeamCountry "DEN"]
[BlackTeamCountry "DEN"]

1. e4 c5 2. Nf3 d6 3. d4 cxd4 4. Nxd4 Nf6 5. Nc3 a6 6. f4 e5 7. Nf3 Nbd7 8. Bd3
Be7 9. a4 O-O 10. O-O exf4 11. Kh1 Nc5 12. Bxf4 Bg4 13. Qe1 Rc8 14. Nd4 Qb6 15.
Nf5 Bxf5 16. exf5 Qxb2 17. Rb1 Nxd3 18. Rxb2 Nxe1 19. Rxe1 Rxc3 20. Rxe7 Nd5
21. Bd2 Nxe7 22. Bxc3 Nxf5 23. Rxb7 h5 24. Ba5 Re8 0-1

[Event "Baltic Sea Cup"]
[Site "Ronne"]
[Date "2007.07.31"]
[Round "2.7"]
[White "Rozentalis, Eduardas"]
[Black "Kasparova, Tatiana"]
[Result "1-0"]
[WhiteElo "2551"]
[BlackElo "2217"]
[PlyCount "90"]
[EventDate "2007.??.??"]
[EventType "swiss"]
[EventRounds "9"]
[EventCountry "DEN"]
[SourceDate "2005.12.01"]
[WhiteTeam "Denmark"]
[BlackTeam "Denmark"]
[WhiteTeamCountry "DEN"]
[BlackTeamCountry "DEN"]

1. d4 Nf6 2. Bg5 Ne4 3. Bh4 d6 4. f3 Nf6 5. e4 Nbd7 6. Nc3 e5 7. dxe5 dxe5 8.
Nd5 Bc5 9. Bc4 O-O 10. Nh3 c6 11. Nxf6+ Nxf6 12. Qxd8 Rxd8 13. Ng5 Rf8 14.
O-O-O Nd7 15. Rd3 Bb6 16. Rhd1 Nc5 17. Rd6 Bc7 18. Nxf7 Bxd6 19. Nxd6+ Be6 20.
Nxb7 Bxc4 21. Nxc5 h6 22. b3 Bf7 23. Rd6 Rac8 24. Rd7 a5 25. a4 Ra8 26. Bg3
Rfd8 27. Rxd8+ Rxd8 28. Bxe5 g5 29. Bc3 Ra8 30. Kd2 Bg6 31. Ke3 Kf7 32. g3 Rd8
33. Nd3 Ra8 34. Ne5+ Kf6 35. Nxc6+ Ke6 36. Nxa5 Rc8 37. Nc4 Be8 38. Kd3 Rd8+
39. Bd4 Bc6 40. f4 gxf4 41. gxf4 Rg8 42. f5+ Ke7 43. Ne3 h5 44. a5 Kf7 45. e5
Rh8 1-0

[Event "Baltic Sea Cup"]
[Site "Ronne"]
[Date "2007.07.31"]
[Round "2.8"]
[White "Moller, Morten Kock"]
[Black "Hector, Jonny"]
[Result "1-0"]
[WhiteElo "2178"]
[BlackElo "2550"]
[PlyCount "81"]
[EventDate "2007.??.??"]
[EventType "swiss"]
[EventRounds "9"]
[EventCountry "DEN"]
[SourceDate "2005.12.01"]
[WhiteTeam "Denmark"]
[BlackTeam "Denmark"]
[WhiteTeamCountry "DEN"]
[BlackTeamCountry "DEN"]

1. e4 e5 2. Bc4 Nf6 3. d3 d5 4. exd5 c6 5. dxc6 Nxc6 6. Nf3 Bg4 7. h3 Bh5 8.
O-O Qd7 9. Be3 O-O-O 10. Nbd2 Nd5 11. Nxe5 Qf5 12. Nef3 Nf4 13. Bxf4 Qxf4 14.
Qe1 Bb4 15. Qe3 Qc7 16. Qg5 Bg6 17. Ne4 f5 18. Nc3 Be7 19. Qe3 f4 20. Qe6+ Kb8
21. Nd5 Rxd5 22. Bxd5 Nd8 23. Qe5 Bd6 24. Qc3 Qe7 25. Rfe1 Qf8 26. Ne5 Bf5 27.
Qb3 Bxe5 28. Rxe5 Bd7 29. Rae1 Qd6 30. Re7 g5 31. c4 Bc8 32. d4 g4 33. c5 Qg6
34. hxg4 h5 35. g5 h4 36. Qf3 Rf8 37. c6 bxc6 38. Qa3 a6 39. Qb4+ Ka8 40. Qc5
Bb7 41. Rxb7 1-0

[Event "Baltic Sea Cup"]
[Site "Ronne"]
[Date "2007.07.31"]
[Round "2.9"]
[White "Kasparov, Sergey"]
[Black "Svendsen, Mads Bilde"]
[Result "1-0"]
[WhiteElo "2500"]
[BlackElo "2178"]
[PlyCount "83"]
[EventDate "2007.??.??"]
[EventType "swiss"]
[EventRounds "9"]
[EventCountry "DEN"]
[SourceDate "2005.12.01"]
[WhiteTeam "Denmark"]
[BlackTeam "Denmark"]
[WhiteTeamCountry "DEN"]
[BlackTeamCountry "DEN"]

1. e4 c5 2. Nf3 g6 3. c4 Nc6 4. d4 cxd4 5. Nxd4 Nf6 6. Nc3 d6 7. Be2 Nxd4 8.
Qxd4 Bg7 9. Be3 O-O 10. Qd2 Be6 11. Rc1 a5 12. f3 a4 13. O-O Qa5 14. Nd5 Qxd2
15. Bxd2 Nxd5 16. cxd5 Bd7 17. Bc3 Rfc8 18. Bxg7 Kxg7 19. Kf2 a3 20. b3 f5 21.
exf5 Bxf5 22. Ke3 Kf6 23. Kd4 g5 24. Bd3 Bxd3 25. Kxd3 Ke5 26. Rce1+ Kf6 27.
Re6+ Kf7 28. f4 g4 29. Rfe1 Rc7 30. Rh6 Kg7 31. Rh4 Ra5 32. Rxg4+ Kf7 33. Rg5
h6 34. Rf5+ Kg6 35. g4 Rac5 36. Re6+ Kg7 37. g5 h5 38. g6 Rc3+ 39. Ke4 Rxb3 40.
Rf7+ Kg8 41. Rexe7 Rc4+ 42. Kf5 1-0

[Event "Baltic Sea Cup"]
[Site "Ronne"]
[Date "2007.07.31"]
[Round "2.10"]
[White "Poulsen, Iver"]
[Black "Vera Gonzalez, Reynaldo"]
[Result "0-1"]
[WhiteElo "2178"]
[BlackElo "2479"]
[PlyCount "54"]
[EventDate "2007.??.??"]
[EventType "swiss"]
[EventRounds "9"]
[EventCountry "DEN"]
[SourceDate "2005.12.01"]
[WhiteTeam "Denmark"]
[BlackTeam "Denmark"]
[WhiteTeamCountry "DEN"]
[BlackTeamCountry "DEN"]

1. e4 c5 2. Nf3 d6 3. d4 cxd4 4. Nxd4 Nf6 5. Nc3 a6 6. f3 e6 7. Be3 b5 8. Qd2
Nbd7 9. g4 Nb6 10. g5 Nfd7 11. Qf2 Bb7 12. Bg2 Rc8 13. O-O b4 14. Nd1 Be7 15.
h4 d5 16. e5 Nxe5 17. Nxe6 fxe6 18. Bxb6 Qd6 19. Bd4 O-O 20. f4 Ng6 21. Be3 Rc4
22. b3 Rcxf4 23. Bxf4 Rxf4 24. Qe3 Rxh4 25. Bh3 Nf4 26. Nf2 d4 27. Qg3 Ne2+ 0-1

[Event "Baltic Sea Cup"]
[Site "Ronne"]
[Date "2007.07.31"]
[Round "2.11"]
[White "Pilgaard, Kim"]
[Black "Petersen, Steen Brustrup"]
[Result "0-1"]
[WhiteElo "2448"]
[BlackElo "2165"]
[PlyCount "58"]
[EventDate "2007.??.??"]
[EventType "swiss"]
[EventRounds "9"]
[EventCountry "DEN"]
[SourceDate "2005.12.01"]
[WhiteTeam "Denmark"]
[BlackTeam "Denmark"]
[WhiteTeamCountry "DEN"]
[BlackTeamCountry "DEN"]

1. e4 e5 2. Nf3 Nc6 3. Bb5 a6 4. Ba4 Nf6 5. O-O Be7 6. Re1 b5 7. Bb3 O-O 8. h3
d6 9. c3 Bb7 10. d4 Re8 11. Nbd2 Bf8 12. a4 h6 13. Bc2 Qd7 14. d5 Ne7 15. b3
Ng6 16. Nf1 c6 17. c4 Nh5 18. axb5 axb5 19. Rxa8 Rxa8 20. dxc6 Qxc6 21. cxb5
Qxb5 22. Bd3 Qd7 23. Bc4 Nhf4 24. Bb2 Nxg2 25. Kxg2 Nf4+ 26. Kg1 Qxh3 27. Nh4
Qxh4 28. Qf3 Ra2 29. Rb1 Bxe4 0-1